000 00422nam a2200145Ia 4500
008 231129s2015||||xx |||||||||||||| ||spa||
020 _a978-84-254-3398-6
040 _bspa
082 _a320.1 H233p
100 _aHan Byung-Chul
245 0 _aPsicopolí­tica: Neoliberalismo y nuevas técnicas de poder
260 _c2015
264 _aBarcelona España : Herder
942 _2ddc
_cBKS
999 _c23524
_d23524